| 000 | 00885nam a22002777a 4500 | ||
|---|---|---|---|
| 003 | DO-SdBPM | ||
| 005 | 20260216113144.0 | ||
| 007 | ta | ||
| 008 | 171115b2000 sp ||| 00| 0 spa d | ||
| 020 | _a9788480884143 | ||
| 040 |
_aDO-SdBPM _bspa _cBPMSU _erda |
||
| 082 |
_a657.95 _bP579c 2000 _222 |
||
| 100 | 1 |
_aPi Montañola, Antoni _eautor _4aut. |
|
| 245 | 1 | 0 |
_aContabilidad de sociedades / _cAntoni Pi Montañola ; prólogo Oriol Amat |
| 264 |
_aBarcelona : _bEdiciones Gestión 2000 ; _c2000. |
||
| 300 |
_a400 páginas ; _c23 cm. |
||
| 336 |
_atexto _btxt _2rdacontent |
||
| 337 |
_asin mediación _bn _2rdamedia |
||
| 338 |
_avolumen _bnc _2rdacarrier |
||
| 590 | _aInventariado, 2026/VM | ||
| 650 | 7 | _aaContabilidad. | |
| 650 | 7 | _aContabilidad de las compañías | |
| 700 | 1 |
_aAmat, Oriol _eprólogo |
|
| 910 | _aVMateo V. Control de calidad. BPMSU | ||
| 942 |
_2ddc _cBK |
||
| 999 |
_c12888 _d12888 |
||